| 000 | 00897njm a22002897a 4500 | ||
|---|---|---|---|
| 005 | 2010090903563.0 | ||
| 007 | sd ammalaaahaa | ||
| 008 | 100901t xxu||||| |||| 00| 0 hin d | ||
| 028 |
_aN. 43900 _bCBS |
||
| 028 | _bCBS | ||
| 035 | _aGR-03492 | ||
| 040 | _aSED/VEN | ||
| 100 |
_917815 _aPankow |
||
| 245 |
_aChicago great hits / _cby Pankow _h[sound recording] : |
||
| 246 | _aMake me smile/Pankow द्वारा | ||
| 260 |
_aDum Dum, India _bCBS _c1966 |
||
| 300 |
_a1 sound disc : _banalog, 33 1/3 rpm _c10 in. |
||
| 500 | G | _aBrief record | |
| 505 | _aSide-१ Make me smile (Pankow) Side-2 25 और 6 तो ४४ (Lamm) | ||
| 650 |
_aClassical music _xExcerpts _zIndia _917813 |
||
| 700 | _918219 | ||
| 700 | _918220 | ||
| 700 | _919143 | ||
| 710 | _919101 | ||
| 942 |
_2ddc _cGR |
||
| 999 |
_c46680 _d46680 |
||